IBM dictionary of computing (Record no. 182296)
[ view plain ]
| 000 -LEADER | |
|---|---|
| fixed length control field | 00388nam a2200157Ia 4500 |
| 005 - DATE AND TIME OF LATEST TRANSACTION | |
| control field | 20250428163922.0 |
| 008 - FIXED-LENGTH DATA ELEMENTS--GENERAL INFORMATION | |
| fixed length control field | 231217s9999 xx 000 0 und d |
| 020 ## - INTERNATIONAL STANDARD BOOK NUMBER | |
| International Standard Book Number | 9780071133838 |
| 082 ## - DEWEY DECIMAL CLASSIFICATION NUMBER | |
| Classification number | 001.640403 MCD;3 |
| 100 ## - MAIN ENTRY--PERSONAL NAME | |
| Personal name | McDaniel, George. |
| 245 #0 - TITLE STATEMENT | |
| Title | IBM dictionary of computing |
| 260 ## - PUBLICATION, DISTRIBUTION, ETC. (IMPRINT) | |
| Date of publication, distribution, etc. | 1994 |
| Name of publisher, distributor, etc. | Macgraw-hill |
| Place of publication, distribution, etc. | New York |
| 300 ## - PHYSICAL DESCRIPTION | |
| Extent | xi+758 |
| 650 ## - SUBJECT ADDED ENTRY--TOPICAL TERM | |
| Topical term or geographic name as entry element | abc |
| 942 ## - ADDED ENTRY ELEMENTS (KOHA) | |
| Koha item type | Books |
| Date last seen | Total Checkouts | Full call number | Accession number | Old discount | Price effective from | Category | Lost status | Damaged status | Department | Withdrawn status | bill date | Permanent Location | Current Location | Shelving location | Entry date | Vendor | Grants | Currency symbol | Conversion rate | Discount | Discount type |
|---|---|---|---|---|---|---|---|---|---|---|---|---|---|---|---|---|---|---|---|---|---|
| 26/01/2024 | 001.640403 MCD;3 | 52827 | 26/01/2024 | Books | Central Library | 28/05/2012 | Central Library | Central Library | Central Library | 24/02/2009 | Publisher | DONATED | RS | 1 | Rupees | ||||||
| 26/01/2024 | 001.640403 MCD;4 | 85361 | 26/01/2024 | Books | Central Library | 10/10/2019 | Central Library | Central Library | Central Library | 15/04/2013 | DONATED | RS | 1 | Rupees |
